Harry Potter and the chamber of secrets : (Record no. 114475)
[ view plain ]
| 000 -LEADER | |
|---|---|
| fixed length control field | 00318nam a2200109 a 4500 |
| 005 - DATE AND TIME OF LATEST TRANSACTION | |
| control field | 20140414132101.0 |
| 008 - FIXED-LENGTH DATA ELEMENTS--GENERAL INFORMATION | |
| fixed length control field | 100719s19uu xx 00 eng d |
| 050 ## - LIBRARY OF CONGRESS CALL NUMBER | |
| Classification number | REF 823 |
| Item number | H24 2002 |
| 245 ## - TITLE STATEMENT | |
| Title | Harry Potter and the chamber of secrets : |
| Remainder of title | sticker album. |
| 260 ## - PUBLICATION, DISTRIBUTION, ETC. (IMPRINT) | |
| Place of publication, distribution, etc | Australia : |
| Name of publisher, distributor, etc | Warner Bros, |
| Date of publication, distribution, etc | 2002. |
| Withdrawn status | Lost status | Damaged status | Home library | Current library | Shelving location | Date acquired | Total Checkouts | Full call number | Barcode | Date last seen | Price effective from | Koha item type |
|---|---|---|---|---|---|---|---|---|---|---|---|---|
| Munich Library | Munich Library | Reference Section | 07/19/2010 | REF 823 H24 2002 | M6314 | 04/14/2014 | 04/14/2014 | Books |